Derecho constitucional tributario (Registro nro. 4429)
[ vista simple ]
| 000 -LEADER | |
|---|---|
| fixed length control field | 01570 a2200229 4500 |
| 001 - CONTROL NUMBER | |
| control field | 47664 |
| 005 - DATE AND TIME OF LATEST TRANSACTION | |
| control field | 20260407155743.0 |
| 008 - FIXED-LENGTH DATA ELEMENTS--GENERAL INFORMATION | |
| fixed length control field | 260407a1993 arg spa d |
| 003 - CONTROL NUMBER IDENTIFIER | |
| control field | AR-UNSa-BCEJYS |
| 040 ## - CATALOGING SOURCE | |
| Original cataloging agency | AR-UNSa-BCEJYS |
| Language of cataloging | spa |
| Transcribing agency | AR-UNSa-BCEJYS |
| 080 ## - UNIVERSAL DECIMAL CLASSIFICATION NUMBER | |
| Universal Decimal Classification number | 336.2:342 |
| Common auxiliary subdivision | Derecho Constitucional Tritutario |
| 020 ## - INTERNATIONAL STANDARD BOOK NUMBER | |
| International Standard Book Number | 950-14-0730-6 |
| 041 ## - LANGUAGE CODE | |
| Language code of text/sound track or separate title | spa |
| 100 1# - MAIN ENTRY--PERSONAL NAME | |
| Personal name | Luqui, Juan Carlos |
| 245 10 - TITLE STATEMENT | |
| Title | Derecho constitucional tributario |
| 264 #1 - PRODUCTION, PUBLICATION, DISTRIBUTION, MANUFACTURE, AND COPYRIGHT NOTICE | |
| Place of production, publication, distribution, manufacture | Buenos Aires : |
| Name of producer, publisher, distributor, manufacturer | Ediciones Depalma |
| Date of production, publication, distribution, manufacture, or copyright notice | 1993 |
| 300 ## - PHYSICAL DESCRIPTION | |
| Extent | 476 p. |
| Dimensions | 23 cm. |
| 505 ## - FORMATTED CONTENTS NOTE | |
| Formatted contents note | 1. Importancia de los estudios y de la enseñanza del derecho constitucional - 2. Las garantías constitucionales de los derechos de los contribuyentes - 3. Los poderes financieros del gobierno federal - 4. La legalidad: puntal de la libertad - 5. División de poderes y delegación de facultades en el sistema de la Constitución Argentina - 6. La unidad de la Nación y los poderes financieros provinciales - 7. Régimen tributario del municipio bonaerense - 8. Exenciones impositivas provinciales dispuestas por leyes de la Nación - 9. Sustancia institucional de la obligación tributaria - 10. Principales factores de una eficiente recaudación tributaria - 11. Acerca de la terminología jurídica en la Ley de Contabilidad Nacional - 12. Presupuesto. Recursos. Gastos. Control - 13. Una autonomía singular: el banco de la provincia de Buenos Aires - |
| 590 ## - LOCAL NOTE (RLIN) | |
| Local note | niveau_biblio:m niveau_hierar:0 |
| 856 41 - ELECTRONIC LOCATION AND ACCESS | |
| Uniform Resource Identifier | <a href="https://www.biblioeco.unsa.edu.ar/pmb/images/libros/L128698.jpg">https://www.biblioeco.unsa.edu.ar/pmb/images/libros/L128698.jpg</a> |
| Link text | Imagen de portada |
| Electronic format type | image/jpeg |
| 942 ## - ADDED ENTRY ELEMENTS (KOHA) | |
| Koha item type | |
| Withdrawn status | Lost status | Damaged status | Not for loan | Home library | Current library | Shelving location | Date acquired | Total checkouts | Full call number | Barcode | Date last seen | Price effective from | Koha item type |
|---|---|---|---|---|---|---|---|---|---|---|---|---|---|
| Biblioteca Prof. Eusebio Cleto del Rey | Biblioteca Prof. Eusebio Cleto del Rey | 07/04/2026 | 336.2:342 L926 | L127626 | 07/04/2026 | 07/04/2026 | Libro | ||||||
| Biblioteca Prof. Eusebio Cleto del Rey | Biblioteca Prof. Eusebio Cleto del Rey | 07/04/2026 | 336.2:342 L926 | L128698 | 07/04/2026 | 07/04/2026 | Libro |